000 00934nam a22002411i 4500
001 21597
090 _a21597
010 _a9789722714860
100 _a20170304u u u0frey50 ba
101 0 _apor
200 1 _fJosé Marinho
_aDa liberdade necessária e outros textos
215 _avol.
_d24 cm
300 _aOferta de Imprensa Nacional - Casa da Moeda
327 _aVol. 7: 461, [3] p.
702 1 _aRivera
_bJorge Croce
_4570
700 1 _aMarinho
_bJosé
_4070
_f1904-1975
210 _cImprensa Nacional-Casa da Moeda
_aLisboa
_dimp. 2006
225 2 _aObras de José Marinho
410 0 _tObras de José Marinho
996 _f0031233
_kMAR VII
_m00000000
_n00000000
_aBMVA
_b1
_vViana do Alentejo
_xFilosofia
_y24
_eLivro
_10
_31
996 _f0031238
_kMAR VII
_m00000000
_n00000000
_aBMVA
_b1
_vAlcáçovas
_xFilosofia
_y24
_eLivro
_10
_31
996 _f0033467
_kMAR VII
_m00000000
_n00000000
_aBMVAAG
_b4
_vAguiar
_xFilosofia
_y24
_eLivro
_10
_31
990 _cLIVROS